[Event "TCh-CAT Div Hon 2013"]
[Site "Catalonia ESP"]
[Date "2013.03.09"]
[Round "8.3"]
[White "Baron Isanta,J"]
[Black "Granados Gomez,M"]
[Result "1-0"]
[WhiteElo "2356"]
[BlackElo "2386"]

1.Nf3 d5 2.c4 c6 3.d4 Nf6 4.e3 Bf5 5.cxd5 cxd5 6.Qb3 Bc8 7.Ne5 e6 8.Bd3 Be7
9.O-O Nc6 10.f4 Nd7 11.Bd2 Ndxe5 12.fxe5 O-O 13.Nc3 g6 14.Ne2 Bd7 15.Rf2 Rb8
16.Raf1 Be8 17.Nf4 b5 18.Qd1 Bd7 19.Nh5 f5 20.exf6 Bd6 21.Qg4 e5 22.Qg5 Be8
23.Ng7 Bf7 24.Ne6 Bxe6 25.Bxg6 Kh8 26.Qh6 Rf7 27.Bxf7 Bf8 28.Qh5 Bxf7 29.Qxf7 exd4
30.Rf5 Qe8 31.Qxe8 Rxe8 32.exd4 Re2 33.R1f2 Re4 34.Rxd5 Nxd4 35.Bc3  1-0

[Event "TCh-FIN SM 2012-13"]
[Site "Helsinki FIN"]
[Date "2013.03.09"]
[Round "13.1"]
[White "Neiksans,A"]
[Black "Ebeling,M"]
[Result "1-0"]
[WhiteElo "2535"]
[BlackElo "2273"]

1.Nf3 d5 2.c4 d4 3.g3 Nc6 4.Bg2 e5 5.O-O Nf6 6.d3 Bd6 7.e3 O-O 8.exd4 Nxd4
9.Nxd4 exd4 10.Bg5 h6 11.Bxf6 Qxf6 12.Nd2 Bf5 13.Be4 Bh3 14.Re1 c6 15.Qb3 Rab8
16.Bg2 Bf5 17.Ne4 Qd8 18.Re2 Bg4 19.f3 Be6 20.Qa4 a6 21.c5 Be7 22.b4 Qd7
23.Rae1 Rfe8 24.a3 Bf8 25.Kf2 Bf5 26.f4 Kh8 27.Qb3 Re7 28.Nd2 Rbe8 29.Be4 Bg4
30.Bf3 Rxe2+ 31.Rxe2 Rxe2+ 32.Bxe2 Be6 33.Qb2 Be7 34.Bd1 Bf5 35.Nc4 Bf6 36.Qe2 Be6
37.Nd2 Kg8 38.Bb3 Bg4 39.Qe1 Kf8 40.Nc4 Bf5 41.Nd6 Bg6 42.Qe2 Be7 43.Nc4 Bf6
44.Ke1 Bf5 45.Nd6 Be6 46.Bxe6 fxe6 47.Qe4 Kg8 48.Nc4 Qf7 49.Kd2 g5 50.Nd6 Qe7
51.Qg6+ Bg7 52.fxg5 hxg5 53.Ne4 Qf7 54.Qxf7+ Kxf7 55.Nxg5+ Kf6 56.Ne4+ Kf5
57.Nd6+ Kg4 58.Nxb7 Kh3 59.Nd8 Kxh2 60.Nxe6 Bf6 61.g4  1-0

[Event "TCh-NED Meesterklasse 2012-13"]
[Site "Netherland NED"]
[Date "2013.03.09"]
[Round "7.7"]
[White "Kabatianski,A"]
[Black "Diepeveen,V"]
[Result "1/2-1/2"]
[WhiteElo "2404"]
[BlackElo "2264"]

1.Nf3 d5 2.c4 c6 3.e3 Nf6 4.Nc3 Bg4 5.h3 Bxf3 6.Qxf3 e6 7.b3 Nbd7 8.Bb2 Bd6
9.g4 h6 10.Bg2 Qe7 11.Qe2 O-O-O 12.d4 dxc4 13.bxc4 e5 14.O-O exd4 15.exd4 Qxe2
16.Nxe2 Rhe8 17.Ng3 Bf4 18.d5 c5 19.Rfe1 g6 20.Bf1 Be5 21.Bxe5 Rxe5 22.f4 Rxe1
23.Rxe1 Re8 24.Kf2 Kc7 25.Rxe8 Nxe8 26.Ke3 Nd6 27.Kd2 a6 28.Kc3 Nf6 29.Bd3 b5
30.a3 bxc4 31.Bxc4 Nxc4 32.Kxc4 Kd6 33.g5 hxg5 34.fxg5 Nxd5 35.Ne4+ Kc6 36.Nxc5 Ne3+
37.Kd3 Kxc5 38.Kxe3 Kc4 39.Ke4 Kb3 40.Ke5 Kxa3 41.Kf6 a5 42.Kxf7 a4 43.Kxg6 Kb2
44.Kh7 a3 45.g6 a2 46.g7 a1=Q 47.g8=Q Qe1 48.Qg7+ Ka3 49.Qf8+ Ka2 50.Qf5 Qh4+
51.Kg6 Qg3+ 52.Kh5 Qg7 53.h4 Ka1 54.Qg6 Qe5+ 55.Kg4 Qe2+ 56.Kg5 Qe3+ 57.Kh5 Qe5+
58.Kh6 Qh8+ 59.Kg5 Qe5+ 60.Qf5 Qg3+ 61.Kh5 Qg7 62.Qg5 Qh7+ 63.Kg4 Qe4+ 64.Kg3 Qe1+
65.Kf4 Qf2+ 66.Ke5 Qc5+ 67.Ke6 Qc8+ 68.Ke7 Qc7+ 69.Kf8 Qd6+ 70.Kg7 Qd7+ 71.Kh8 Qe8+
72.Kh7 Qe4+ 73.Kh6 Ka2 74.h5 Qe6+ 75.Kg7 Qd7+ 76.Kh8 Ka3 77.h6 Qe8+ 78.Kg7 Qd7+
79.Kf8 Qc8+ 80.Kf7 Qc4+ 81.Kg7 Qc7+ 82.Kg6 Qc6+ 83.Qf6 Qe8+ 84.Kg7 Qd7+ 85.Kf8 Qc8+
86.Kf7 Qc4+ 87.Kg7 Qg4+ 88.Kf7 Qc4+ 89.Qe6 Qf4+ 90.Ke8 Qb8+ 91.Kf7 Qf4+ 92.Qf6 Qc4+
93.Kg7 Qg4+ 94.Qg6 Qd4+ 95.Kh7 Qd7+ 96.Kg8 Qd8+ 97.Kg7 Qe7+ 98.Qf7 Qg5+ 99.Kh7 Ka4
100.Qe6 Ka3 101.Kh8 Ka4 102.Qd7+ Ka3 103.Qg7 Qd8+ 104.Kh7 Qd3+ 105.Kg8 Qd5+
106.Kf8 Qd8+ 107.Kf7 Qd7+ 108.Kf6 Qd4+ 109.Kf5 Qd3+ 110.Ke5 Qc3+ 111.Kd5 Qa5+
112.Kc4 Qa4+ 113.Kd3 Qb5+ 114.Kd2 Qd5+ 115.Ke2 Qe4+ 116.Kf2 Qf4+ 117.Kg2 Qe4+
118.Kh3 Qh1+ 119.Kg3 Qg1+ 120.Kf3 Qf1+ 121.Ke4 Qe2+ 122.Kd5 Qd3+ 123.Kc6 Qa6+
124.Kd7 Qb7+ 125.Kd8 Qb8+ 126.Ke7 Qc7+ 127.Kf8 Qd8+ 128.Kf7  1/2-1/2

[Event "UTD Turner GM Invitational 2013"]
[Site "Richardson USA"]
[Date "2013.03.09"]
[Round "1"]
[White "Berczes,D"]
[Black "Arvind,C"]
[Result "1-0"]
[WhiteElo "2526"]
[BlackElo "2279"]

1.Nf3 d5 2.c4 c6 3.e3 Nf6 4.Nc3 a6 5.Qc2 g6 6.d4 Bg7 7.Bd3 O-O 8.O-O Bg4
9.Ne5 Be6 10.c5 Nbd7 11.Nxd7 Qxd7 12.Na4 Rae8 13.Nb6 Qc7 14.f4 Ng4 15.h3 Nh6
16.g4 f6 17.f5 gxf5 18.gxf5 Qg3+ 19.Qg2 Qxg2+ 20.Kxg2 Bc8 21.e4 dxe4 22.Bxe4 e5
23.Nxc8 Rxc8 24.dxe5 Nf7 25.e6 Ne5 26.Bf4  1-0

[Event "UTD Turner GM Invitational 2013"]
[Site "Richardson USA"]
[Date "2013.03.09"]
[Round "2"]
[White "Jacobs,John"]
[Black "Li Zhichao"]
[Result "1/2-1/2"]
[WhiteElo "2300"]
[BlackElo "2145"]

1.Nf3 d5 2.c4 c6 3.b3 Nf6 4.Bb2 Bg4 5.d3 Nbd7 6.Nbd2 Qa5 7.a3 e6 8.b4 Qc7
9.h3 Bxf3 10.Nxf3 Be7 11.g3 O-O 12.Bg2 Nh5 13.O-O Bf6 14.Qc2 Bxb2 15.Qxb2 Nhf6
16.Qc2 Rac8 17.Rfc1 Qb8 18.Qb2 Rfd8 19.Rc2 e5 20.cxd5 cxd5 21.Rxc8 Rxc8 22.Rc1 d4
23.e3 dxe3 24.Rxc8+ Qxc8 25.fxe3 Qc7 26.g4 Nd5 27.Kf2 Nc3 28.Kg1 Nd5 29.Kf2 Nc3
30.Kg1  1/2-1/2

[Event "TCh-AUT 2 West 2012-13"]
[Site "Salzburg AUT"]
[Date "2013.03.09"]
[Round "10.1"]
[White "Lanka,Z"]
[Black "Breder,D"]
[Result "1/2-1/2"]
[WhiteElo "2430"]
[BlackElo "2438"]

1.Nf3 d5 2.c4 e6 3.b3 Be7 4.Bb2 Nf6 5.g3 O-O 6.Bg2 b6 7.O-O Bb7 8.e3 Nbd7
9.Qe2 a5 10.Nc3 Ne4 11.Na4 Nec5 12.Nxc5 Nxc5 13.Ne1 Nd7 14.Rc1 c5 15.f4 Bf6
16.Bxf6 Nxf6 17.g4 a4 18.d3 axb3 19.axb3 Ra3 20.g5 Ne8 21.Rb1 Nd6 22.Rb2 Ra1
23.Rd2 Nf5 24.Nc2 Rxf1+ 25.Qxf1 f6 26.cxd5 exd5 27.d4 fxg5 28.dxc5 bxc5 29.Qb5 Qe7
30.Qxb7 Qxb7 31.Bxd5+ Qxd5 32.Rxd5 gxf4 33.exf4 Nh4 34.Rxc5  1/2-1/2

[Event "TCh-FIN SM 2012-13"]
[Site "Helsinki FIN"]
[Date "2013.03.10"]
[Round "14.4"]
[White "Virtanen,A"]
[Black "Sisatto,O"]
[Result "1/2-1/2"]
[WhiteElo "2343"]
[BlackElo "2258"]

1.Nf3 d5 2.c4 d4 3.b4 f6 4.e3 e5 5.c5 a5 6.b5 Qd5 7.exd4 exd4 8.Bd3 Bxc5
9.O-O Ne7 10.Re1 O-O 11.Qa4 Kh8 12.Ba3 Ng6 13.Bxc5 Qxc5 14.Bxg6 hxg6 15.Nxd4 Bd7
16.Nc3 c6 17.Ne6 Bxe6 18.Rxe6 cxb5 19.Qxb5  1/2-1/2

[Event "TCh-AUT 2 West 2012-13"]
[Site "Salzburg AUT"]
[Date "2013.03.10"]
[Round "11.2"]
[White "Webersberger,J"]
[Black "Panteleev,P"]
[Result "1/2-1/2"]
[WhiteElo "2392"]
[BlackElo "2306"]

1.Nf3 d5 2.c4 c6 3.e3 Nf6 4.b3 g6 5.Bb2 Bg7 6.Be2 Bg4 7.O-O O-O 8.h3 Bxf3
9.Bxf3 Ne4 10.Bxg7 Kxg7 11.d4 Nf6 12.Nc3 e6 13.Qe2 Nbd7 14.Rfd1 Re8 15.Rac1 Qe7
16.Qb2 Kg8 17.Be2 a6 18.Rc2 Ne4 19.cxd5 Nxc3 20.Qxc3 exd5 21.b4 Nf6 22.Bf1 Ne4
23.Qb2 Rec8 24.Rdc1 Qd7 25.a4 b5 26.a5 Nd6 27.Re1 Re8 28.Bd3 Re7 29.Qc3 Nc4
30.e4 Rae8 31.e5 f6 32.f4 Rf8 33.Rf2 fxe5 34.Bxc4 bxc4 35.dxe5 Qa7 36.Re3 Rff7
37.Ref3 Qd7 38.g4 Qe8 39.Qd4 g5 40.Re2 Rxf4 41.Rxf4 gxf4 42.Qxf4  1/2-1/2

[Event "Karpos Open 2013"]
[Site "Skopje MKD"]
[Date "2013.03.10"]
[Round "2.87"]
[White "Steil,R"]
[Black "Orehek,S"]
[Result "0-1"]
[WhiteElo "1681"]
[BlackElo "2062"]

1.Nf3 d5 2.c4 c6 3.e3 Nf6 4.Nc3 Nbd7 5.d4 e6 6.Be2 Bd6 7.O-O O-O 8.b3 Qe7
9.Bb2 dxc4 10.Bxc4 b5 11.Bd3 a6 12.Ne4 Nxe4 13.Bxe4 Bb7 14.Rc1 Rac8 15.Qe2 Rfd8
16.Rfd1 Nf6 17.Bb1 Ba3 18.Ne5 Bxb2 19.Qxb2 c5 20.Rxc5 Rxc5  0-1

[Event "Karpos Open 2013"]
[Site "Skopje MKD"]
[Date "2013.03.10"]
[Round "2.24"]
[White "Kuljasevic,D"]
[Black "Schoorl,R"]
[Result "1/2-1/2"]
[WhiteElo "2564"]
[BlackElo "2350"]

1.Nf3 d5 2.c4 c6 3.e3 Nf6 4.Nc3 a6 5.d4 Bf5 6.Be2 e6 7.Nh4 Be4 8.f3 Bg6 9.a3 c5
10.O-O Nc6 11.dxc5 dxc4 12.Bxc4 Bxc5 13.Qe2 O-O 14.Nxg6 hxg6 15.Rd1 Qe7 16.Bd2 Rfd8
17.Be1 b5 18.Ba2 Qa7 19.Bf2 Ne7 20.Rd3 Rxd3 21.Qxd3 Bb6 22.Qe2 Nf5  1/2-1/2

[Event "FIDE Women's World Teams"]
[Site "Astana KAZ"]
[Date "2013.03.11"]
[Round "8.1"]
[White "Karavade,E"]
[Black "Gunina,V"]
[Result "0-1"]
[WhiteElo "2387"]
[BlackElo "2505"]

1.Nf3 d5 2.c4 c6 3.g3 Bg4 4.Bg2 e6 5.cxd5 Bxf3 6.Bxf3 cxd5 7.O-O Nf6 8.Nc3 Nc6
9.d3 Bc5 10.Bf4 O-O 11.Rc1 Qe7 12.a3 h6 13.Na4 Bd6 14.Bxd6 Qxd6 15.Nc5 Nd4
16.e3 Nxf3+ 17.Qxf3 b6 18.Nb3 Rac8 19.Nd4 Qd7 20.Qf4 Rfe8 21.Qe5 Qa4 22.Qd6 Qa6
23.Nc6 Kh7 24.Rc3 Qb7 25.Rfc1 e5 26.Qb4 d4 27.R3c2 dxe3 28.fxe3 Re6 29.Qa4 Qd7
30.d4 exd4 31.exd4 a6 32.b3 b5 33.Qxa6 Rcxc6 34.Rxc6 Qxd4+ 35.Kh1 Re2  0-1

[Event "UTD Turner GM Invitational 2013"]
[Site "Richardson USA"]
[Date "2013.03.11"]
[Round "7"]
[White "Anton Guijarro,D"]
[Black "Iotov,V"]
[Result "1-0"]
[WhiteElo "2546"]
[BlackElo "2578"]

1.Nf3 d5 2.c4 c6 3.e3 Nf6 4.Nc3 Bg4 5.cxd5 Bxf3 6.Qxf3 cxd5 7.Bb5+ Nc6 8.Bxc6+ bxc6
9.O-O e6 10.b3 Be7 11.Bb2 O-O 12.Rac1 Qa5 13.d3 Qa6 14.Qe2 Rac8 15.Na4 Nd7
16.Ba1 c5 17.h4 f5 18.h5 e5 19.f4 Qe6 20.Qf3 Bd6 21.Nc3 e4 22.dxe4 fxe4 23.Qh3 Qxh3
24.gxh3 Nf6 25.h6 gxh6 26.Nb5 Bb8 27.Be5 Nd7 28.Bxb8 Rxb8 29.Nc7 Rf5 30.Rfd1 d4
31.exd4 Kf7 32.Kf2 cxd4 33.Rxd4 Nf6 34.Na6 Re8 35.Rc7+ Kg6 36.Nb4 Rxf4+ 37.Ke2 Re5
38.Rc6 Kg5 39.Rd1 Kh4 40.Rf1 Rxf1 41.Kxf1 Rf5+ 42.Kg2 Rg5+ 43.Kh2 Rg6 44.Rc3 Nh5
45.Nd5 Rd6 46.Ne3 Rd2+ 47.Ng2+ Kg5 48.Rc5+ Kg6 49.Rc6+ Kf7 50.Rc7+ Ke6 51.Kg1 Rxa2
52.Rxh7 Ke5 53.Rxh6 Nf4 54.Ne3 Kd4 55.Nf5+ Kd3 56.Rd6+ Ke2 57.Rd4 Nxh3+ 58.Kg2 Nf2
59.Ng3+ Ke1 60.Rd7 Nd1+ 61.Kg1 e3 62.Nf1 e2 63.Nh2  1-0

[Event "86th ch-St Petersburg"]
[Site "St Petersburg RUS"]
[Date "2013.03.11"]
[Round "1.4"]
[White "Usmanov,V"]
[Black "Bazeev,G"]
[Result "1-0"]
[WhiteElo "2369"]
[BlackElo "2339"]

1.Nf3 d5 2.c4 e6 3.g3 Nf6 4.Bg2 c5 5.O-O Nc6 6.d4 dxc4 7.Qa4 Bd7 8.Qxc4 b5
9.Qd3 Nb4 10.Qd1 Qb6 11.a4 cxd4 12.a5 Qc5 13.Nxd4 Rd8 14.Be3 Ng4 15.Ra3 Qh5
16.h3 Nxe3 17.Rxe3 Be7 18.Qb3 O-O 19.Nc3 Bc5 20.Re4 a6 21.Rh4 Qg6 22.Be4 f5
23.Bxf5 Rxf5 24.Nxf5 Nc6 25.e4 Ne5 26.Ne2 Qf7 27.Qc3 Ng6 28.Qxc5 exf5 29.Rh5 Rc8
30.Qd6 Rc6 31.Qd5 Qxd5 32.exd5 Rc5 33.Rd1 b4 34.Kg2 Rxa5 35.Rd4 Rb5 36.g4 Ne7
37.d6 Nc6 38.Rd2 g6 39.Rg5 Kf7 40.gxf5 Bxf5 41.Rg3 Ke8 42.Re3+ Kd7 43.Nf4 Re5
44.Nd5 Rxe3 45.Nb6+ Kd8 46.fxe3 Ne5 47.Rd4 a5 48.Kg3 g5  1-0

[Event "86th ch-St Petersburg"]
[Site "St Petersburg RUS"]
[Date "2013.03.11"]
[Round "1.1"]
[White "Levin,Ev"]
[Black "Martynov,P2"]
[Result "1-0"]
[WhiteElo "2508"]
[BlackElo "2339"]

1.Nf3 d5 2.c4 c6 3.e3 Nf6 4.b3 e6 5.Bb2 Nbd7 6.d4 Bd6 7.Bd3 O-O 8.O-O b6
9.Nbd2 Bb7 10.Ne5 c5 11.cxd5 exd5 12.f4 Ne4 13.Nxe4 dxe4 14.Bc4 cxd4 15.Nxd7 Qxd7
16.Qxd4  1-0

[Event "UTD Turner GM Invitational 2013"]
[Site "Richardson USA"]
[Date "2013.03.12"]
[Round "8"]
[White "Jacobs,John"]
[Black "Perez de Aranda A.,LI"]
[Result "1-0"]
[WhiteElo "2300"]
[BlackElo "2109"]

1.Nf3 d5 2.c4 d4 3.g3 c5 4.Bg2 Nc6 5.d3 e5 6.b4 cxb4 7.a3 Nf6 8.Qa4 Nd7 9.axb4 Bxb4+
10.Nfd2 O-O 11.Bxc6 Bxd2+ 12.Nxd2 bxc6 13.Qxc6 Nb6 14.O-O Bh3 15.Re1 Re8
16.Ne4 Re6 17.Qb5 h6 18.Bd2 Nd7 19.Ba5 Qc8 20.Qd5 Nf6 21.Nxf6+ gxf6 22.Bd2 h5
23.Reb1 Rb8 24.f3 Ra6 25.Kf2 Rxa1 26.Rxa1 Rb7 27.Qe4 Bf5 28.Qh4 Rb2 29.Qxf6 Bxd3
30.Bh6 Rxe2+ 31.Kg1  1-0

[Event "Karpos Open 2013"]
[Site "Skopje MKD"]
[Date "2013.03.12"]
[Round "5.95"]
[White "Steil,R"]
[Black "Velikic,A"]
[Result "0-1"]
[WhiteElo "1681"]
[BlackElo "1990"]

1.Nf3 d5 2.c4 c6 3.e3 Nf6 4.Nc3 e6 5.Be2 Nbd7 6.b3 e5 7.cxd5 cxd5 8.O-O a6
9.d4 e4 10.Ne1 Bd6 11.f4 h5 12.Bb2 Nb8 13.Rc1 Nc6 14.Nc2 b5 15.a3 Bd7 16.b4 Ne7
17.Qe1 Nf5 18.h3 h4 19.Rf2 Ng3 20.Bd1 Qc8 21.Kh2 g5 22.Na1 Qb7 23.Nb3 g4
24.Nc5 Qc8 25.Nxd5 Nxd5 26.Nxe4 Nxe4 27.Rxc8+ Rxc8 28.Rc2 gxh3 29.Rxc8+ Bxc8
30.gxh3 Rg8 31.Qxh4 Nxe3 32.Bf3 Nf1+ 33.Kh1 Neg3+  0-1

[Event "Karpos Open 2013"]
[Site "Skopje MKD"]
[Date "2013.03.14"]
[Round "7.36"]
[White "Stella,A"]
[Black "Organdziev,O"]
[Result "1-0"]
[WhiteElo "2477"]
[BlackElo "2293"]

1.Nf3 d5 2.c4 c6 3.g3 Nf6 4.Bg2 Bf5 5.cxd5 cxd5 6.Qb3 Qc8 7.Nc3 e6 8.d3 Nc6
9.O-O Be7 10.Bf4 O-O 11.Rac1 Qd7 12.e4 Bg6 13.Ne5 Nxe5 14.Bxe5 Ng4 15.Bf4 d4
16.Nb5 e5 17.Bd2 Qd8 18.Nc7 Rb8 19.Nd5 Bd6 20.Bh3 Nf6 21.Bg5 Be7 22.Nxe7+ Qxe7
23.f4 h6 24.fxe5 hxg5 25.exf6 gxf6 26.Qa3 Qd8 27.Qxa7 Ra8 28.Qxb7 Rxa2 29.Rc6 Qb8
30.Rb6 Qxb7 31.Rxb7 Ra6 32.Rd7 Rb8 33.Rf2 Ra2 34.Rxd4 Rbxb2 35.Rxb2 Rxb2
36.Rd8+ Kg7 37.g4 Rd2 38.Bg2 Bh7 39.Bf3 Bg6 40.Kf1 Bh7 41.d4 Bg6 42.d5 Bh7
43.Ke1 Rb2 44.d6 Rb4 45.d7 Bxe4 46.Re8 Rd4 47.Bxe4 Rxd7 48.Bf5 Ra7 49.Rd8 Ra3
50.Rd3 Ra7 51.Kf2 Ra2+ 52.Kg3 Kf8 53.h4 gxh4+ 54.Kxh4 Rh2+ 55.Kg3 Rb2 56.Rd7 Rb3+
57.Kf4 Rb4+ 58.Be4 Kg7 59.Kf5 Rb2 60.Bd5 Rf2+ 61.Ke4 Kg6 62.Bxf7+ Kg5 63.Be6 Re2+
64.Kd5 Kf4 65.Bf5 Ra2 66.Ke6  1-0

[Event "13th European Seniors"]
[Site "Plovdiv BUL"]
[Date "2013.03.15"]
[Round "5"]
[White "Radulov,I"]
[Black "Shvedchikov,A"]
[Result "1/2-1/2"]
[WhiteElo "2291"]
[BlackElo "2359"]

1.Nf3 d5 2.c4 c6 3.cxd5 cxd5 4.d4 Nf6 5.Nc3 Nc6 6.Bf4 a6 7.e3 Bf5 8.Bd3 Bxd3
9.Qxd3 e6 10.O-O Bd6 11.Bxd6 Qxd6  1/2-1/2

[Event "Karpos Open 2013"]
[Site "Skopje MKD"]
[Date "2013.03.15"]
[Round "8.61"]
[White "Milutinovic,Stef"]
[Black "Ratkovic,Milov"]
[Result "0-1"]
[WhiteElo "2000"]
[BlackElo "2291"]

1.Nf3 d5 2.c4 c6 3.Qb3 Nf6 4.g3 g6 5.Bg2 Bg7 6.O-O O-O 7.d3 Qb6 8.Qc2 Na6
9.a3 h6 10.Nbd2 Re8 11.b4 e5 12.e4 dxe4 13.dxe4 c5 14.b5 Nc7 15.Bb2 Nd7 16.Bh3 Nf8
17.Bxc8 Raxc8 18.Rfd1 Nce6 19.Nb3 Nd4 20.Nfxd4 exd4 21.Qd3 g5 22.Bc1 Qg6
23.Re1 f5 24.f3 Nd7 25.Nd2 Ne5 26.Qf1 fxe4 27.fxe4 Rf8 28.Qg2 g4 29.Rb1 h5
30.a4 Bh6 31.Rf1 Be3+ 32.Kh1 Nd3  0-1

[Event "Karpos Open 2013"]
[Site "Skopje MKD"]
[Date "2013.03.16"]
[Round "9.31"]
[White "Arsovic,Z"]
[Black "Ali Marandi,C"]
[Result "1/2-1/2"]
[WhiteElo "2439"]
[BlackElo "2371"]

1.Nf3 d5 2.c4 c6 3.g3 Bg4 4.Qb3 Qb6 5.Ne5 Be6 6.d3 g6 7.Nc3 Bg7 8.Qxb6 axb6
9.cxd5 cxd5 10.Nf3 Nc6 11.Nb5 Rc8 12.Bg2 Nb4 13.O-O Nc2 14.Rb1 Bd7 15.Nc3 Nf6
16.Bg5 e6 17.Rfc1 Nb4 18.a3 Na6 19.b4 O-O 20.Ne5 Be8 21.d4 h6 22.Bxf6 Bxf6
23.e4 Bxe5 24.dxe5 d4 25.Ne2 Rd8 26.Rd1 Ba4 27.Rxd4 Rxd4 28.Nxd4 Rd8 29.Ne2 Rd3
30.Ra1 Nb8 31.Rc1 Nc6 32.Nc3 Bb3 33.Nb5 Ba4 34.Nc3 Bb3 35.Nb5 Ba4  1/2-1/2

[Event "Karpos Open 2013"]
[Site "Skopje MKD"]
[Date "2013.03.16"]
[Round "9.11"]
[White "Dvirnyy,D"]
[Black "Salgado Lopez,I"]
[Result "1-0"]
[WhiteElo "2530"]
[BlackElo "2619"]

1.Nf3 d5 2.c4 e6 3.g3 Nf6 4.Bg2 Be7 5.O-O O-O 6.b3 c5 7.Bb2 Nc6 8.e3 b6 9.Nc3 dxc4
10.bxc4 Bb7 11.Qe2 a6 12.a3 Qc7 13.Rab1 Rab8 14.Rfd1 Rfd8 15.d3 Na5 16.Ba1 Bc6
17.a4 Ne8 18.Ne1 Bxg2 19.Kxg2 Rd7 20.f4 Nc6 21.Rd2 Rbd8 22.Nf3 Bf6 23.g4 Nb4
24.Rbd1 g6 25.Qf1 Bg7 26.Ne5 Re7 27.g5 Nd6 28.Ne4 Qb7 29.Qf3 Bxe5 30.Bxe5 Nxe4
31.Qxe4 Qxe4+ 32.dxe4 Rxd2+ 33.Rxd2 Nc6 34.Bf6 Rc7 35.Rd6 Rc8 36.Kf2 Na5
37.Rxb6 Nxc4 38.Rxa6 Nd2 39.Ke2 Nxe4 40.Kd3 Nf2+ 41.Ke2 Ne4 42.Kd3 Nf2+ 43.Kc4 Nd1
44.e4 Nf2 45.Rd6 Nxe4 46.Rd8+ Rxd8 47.Bxd8  1-0

[Event "Minnesota Closed 2013"]
[Site "Minneapolis USA"]
[Date "2013.03.17"]
[Round "4"]
[White "Wasiluk,K"]
[Black "Iwu,O"]
[Result "1-0"]
[WhiteElo "2302"]
[BlackElo "2185"]

1.Nf3 d5 2.c4 c6 3.d4 Nf6 4.Nc3 dxc4 5.a4 Na6 6.e4 Bg4 7.Bxc4 e6 8.O-O Nb4
9.Be3 Be7 10.Rc1 O-O 11.h3 Bh5 12.g4 Bg6 13.Ne5 Nd7 14.Nxd7 Qxd7 15.f4 f6
16.Qb3 Bf7 17.Rcd1 Rad8 18.f5 exf5 19.Rxf5 Bxc4 20.Qxc4+ Kh8 21.Bf2 b6 22.d5 cxd5
23.exd5 Rc8 24.Qb5 Qc7 25.Qe2 Bc5 26.Ne4 Bxf2+ 27.Qxf2 Qe7 28.Nc3 Rfd8 29.g5 fxg5
30.Rf7 Qc5 31.Qxc5 Rxc5 32.Rxa7 h6 33.d6 Rc6 34.Nb5 Rc2 35.Rc7 Kg8 36.Rd4 Rxb2
37.d7 Kf7 38.Rc8 Ke7 39.Re4+ Kxd7 40.Rc7+  1-0

[Event "Minnesota Closed 2013"]
[Site "Minneapolis USA"]
[Date "2013.03.17"]
[Round "5"]
[White "Iwu,O"]
[Black "Riester,Scott M"]
[Result "1-0"]
[WhiteElo "2185"]
[BlackElo "2275"]

1.Nf3 d5 2.c4 d4 3.g3 Nc6 4.Bg2 e5 5.O-O a5 6.d3 Nf6 7.e3 dxe3 8.Bxe3 Be7
9.d4 exd4 10.Nxd4 Nxd4 11.Qxd4 Qxd4 12.Bxd4 c6 13.Nc3 a4 14.b3 axb3 15.axb3 Rxa1
16.Rxa1 O-O 17.Ra7 Rd8 18.Bb6 Re8 19.h3 Nd7 20.Be3 Bc5 21.Bxc5 Nxc5 22.b4 Nd3
23.Ne4 Be6 24.Nd6 Rb8 25.b5 cxb5 26.cxb5 b6 27.Bf1 Nc5 28.Bc4 Rd8 29.Bxe6 fxe6
30.Nc4 Rd1+ 31.Kg2 Rb1 32.Nd6 h6 33.h4 Rd1 34.Ra8+ Kh7 35.Nf7 Rd5 36.f4 Nd7
37.Rd8 Kg6 38.Rxd7  1-0

[Event "TCh-AUT 2012-13"]
[Site "St.Veit AUT"]
[Date "2013.03.22"]
[Round "9.4"]
[White "Fauland,A"]
[Black "De Francesco,K"]
[Result "1-0"]
[WhiteElo "2439"]
[BlackElo "2246"]

1.Nf3 d5 2.c4 e6 3.g3 Nf6 4.Bg2 dxc4 5.Qa4+ Nbd7 6.Qxc4 a6 7.O-O b5 8.Qc2 Bb7
9.b3 c5 10.Bb2 Be7 11.d3 O-O 12.Nbd2 Qb6 13.e4 Rfd8 14.Rfd1 Rac8 15.Bc3 Nb8
16.Ne5 Nfd7 17.Ng4 Nc6 18.Nf3 Nd4 19.Qd2 b4 20.Bb2 Nxf3+ 21.Bxf3 f5 22.Ne3 fxe4
23.Nc4 Qb5 24.Qe3 exf3 25.Qxe6+ Kf8 26.Bxg7+ Kxg7 27.Qxe7+ Kg8 28.Nd6 Qc6
29.Qg5+ Kf8 30.Qf4+ Kg8 31.Re1 Ne5 32.Nxc8 Qxc8 33.Rxe5  1-0

[Event "TCh-CZE Extraliga 2012-13"]
[Site "Czech Republic CZE"]
[Date "2013.03.23"]
[Round "7.1"]
[White "Ftacnik,L"]
[Black "Tazbir,M"]
[Result "0-1"]
[WhiteElo "2544"]
[BlackElo "2555"]

1.Nf3 d5 2.c4 d4 3.g3 c5 4.Bg2 Nc6 5.O-O g6 6.e3 Bg7 7.d3 Nf6 8.exd4 cxd4
9.Re1 Nd7 10.Na3 O-O 11.Nc2 a5 12.b3 Nc5 13.Ba3 Qb6 14.Qd2 Bf5 15.Bxc5 Qxc5
16.a3 Qd6 17.b4 Rfd8 18.b5 Nb8 19.Ng5 Bc8 20.Qf4 Qxf4 21.gxf4 h6 22.Nf3 Nd7
23.Rxe7 Kf8 24.Re2 Nc5 25.Ne5 Bf5 26.Rd1 f6 27.Nf3 Bxd3 28.Rxd3 Nxd3 29.Nfxd4 Nxf4
30.Rd2 Rac8 31.Bxb7 Rxc4 32.Bf3 f5 33.b6 Bxd4 34.b7 Re8  0-1

[Event "TCh-BEL 2012-13"]
[Site "Buellingen BEL"]
[Date "2013.03.24"]
[Round "10.3"]
[White "Levin,F"]
[Black "Claesen,P"]
[Result "1-0"]
[WhiteElo "2520"]
[BlackElo "2347"]

1.Nf3 d5 2.c4 c6 3.e3 Nf6 4.Nc3 g6 5.d4 Bg7 6.Be2 O-O 7.O-O Be6 8.Ng5 Bf5
9.cxd5 cxd5 10.Qb3 Qd7 11.Bd2 Nc6 12.Na4 h6 13.Nc5 Qd6 14.Nf3 b6 15.Na6 Ne4
16.Bb4 Nxb4 17.Qxb4 Be6 18.Qxd6 Nxd6 19.Rfc1 Rac8 20.Nc7 Nc4 21.Nxe6 fxe6
22.b3 Nd6 23.Ba6 Rxc1+ 24.Rxc1 Kf7 25.Rc7 Ra8 26.Ne5+ Bxe5 27.dxe5 Ne4 28.b4 Nd2
29.f4 g5 30.Rc6 gxf4 31.exf4 Rg8 32.Be2 d4 33.Bh5+ Kf8 34.Rxe6 Nc4 35.Rc6 d3
36.Rxc4  1-0

[Event "44th Marcel Duchamp"]
[Site "Buenos Aires ARG"]
[Date "2013.03.24"]
[Round "1.6"]
[White "Flores,N"]
[Black "Garcia Palermo,C"]
[Result "0-1"]
[WhiteElo "1950"]
[BlackElo "2460"]

1.Nf3 d5 2.c4 dxc4 3.Qa4+ c6 4.Qxc4 Nf6 5.g3 Bg4 6.Bg2 Nbd7 7.d4 Bxf3 8.Bxf3 e5
9.Qd3 Bb4+ 10.Bd2 Qe7 11.O-O O-O 12.e4 Rfd8 13.Bc3 Bxc3 14.bxc3 exd4 15.Bg2 Nc5
16.Qe2 dxc3 17.Nxc3 Rd3 18.Na4 Rad8 19.Nxc5 Qxc5 20.Rad1 Rxd1 21.Rxd1 Rxd1+
22.Qxd1 g6 23.Bf3 Qe5 24.Qc2 c5 25.Qc4 a6 26.a4 Ne8 27.h4 Nd6 28.Qc2 b5 29.axb5 axb5
30.Bg2 b4 31.f4 Qc3 32.Qa2 b3 33.Qa8+ Kg7 34.Qd8 b2 35.e5 b1=Q+ 36.Kh2 Ne8
37.h5 gxh5  0-1

[Event "44th Marcel Duchamp"]
[Site "Buenos Aires ARG"]
[Date "2013.03.24"]
[Round "2.20"]
[White "Mosconi,Ar ARG"]
[Black "Mussanti,D"]
[Result "1/2-1/2"]
[WhiteElo "2033"]
[BlackElo "2314"]

1.Nf3 d5 2.c4 dxc4 3.e4 e6 4.Bxc4 Nf6 5.Nc3 c5 6.O-O Be7 7.d4 cxd4 8.Nxd4 O-O
9.e5 Nfd7 10.Bf4 a6 11.Bb3 Qb6 12.Na4 Qa5 13.Re1 Nc5 14.Nxc5 Bxc5 15.Nf3 Nc6
16.Ng5 Be7 17.Bd2 Qd8 18.Qh5 Bxg5 19.Bxg5 Qd3 20.Rad1 Qg6 21.Qxg6 hxg6 22.Be3 b5
23.Bc5 Re8 24.Rd6 Bb7 25.Rd7 Na5 26.Bb6 Bc8  1/2-1/2

[Event "44th Marcel Duchamp"]
[Site "Buenos Aires ARG"]
[Date "2013.03.24"]
[Round "3.41"]
[White "Flores,N"]
[Black "Lapicki,R"]
[Result "0-1"]
[WhiteElo "1950"]
[BlackElo "2239"]

1.Nf3 d5 2.c4 e6 3.b3 Nf6 4.Bb2 Be7 5.g3 O-O 6.Bg2 Ne4 7.a3 Bf6 8.d4 dxc4
9.Qc2 Nd6 10.bxc4 c5 11.e3 cxd4 12.Bxd4 Nc6 13.Bxf6 Qxf6 14.Ra2 Bd7 15.c5 Nf5
16.Nbd2 Rac8 17.O-O Qe7 18.Qc1 Rc7 19.Rc2 Rfc8 20.Nb3 e5 21.Rd1 Be6 22.Nfd2 Rd7
23.Nc4 Rxd1+ 24.Qxd1 Rd8 25.Qc1 Rd3 26.Nba5 Nxa5 27.Nxa5 Qd8 28.Bf1 Rd1 29.Qb2 Qxa5
30.Qxb7 h6 31.c6 Qd8 32.Qa6 Nd6 33.Kg2 Nc4 34.Qxc4 Bxc4 35.Bxc4 Rd2 36.Rxd2 Qxd2  0-1

[Event "TCh-CZE Extraliga 2012-13"]
[Site "Czech Republic CZE"]
[Date "2013.03.24"]
[Round "8.2"]
[White "Cyborowski,L"]
[Black "Simacek,P"]
[Result "1/2-1/2"]
[WhiteElo "2526"]
[BlackElo "2486"]

1.Nf3 d5 2.c4 e6 3.d4 c6 4.Qc2 dxc4 5.Qxc4 b5 6.Qc2 Bb7 7.Bg5 Qb6 8.e3 Nd7
9.Nbd2 h6 10.Bh4 c5 11.a4 a6 12.axb5 cxd4 13.Nxd4 a5 14.Nc6 Ngf6 15.Be2 Rc8
16.Nc4 Rxc6 17.bxc6 Qxc6 18.O-O-O Bb4 19.Bxf6 Nxf6 20.Bf3 Qb5 21.Bxb7 Qxb7
22.f3 O-O 23.Kb1 Rc8 24.e4 Qc6 25.Rc1 Nd5 26.exd5 exd5 27.Rhd1 dxc4 28.Rd4 c3
29.Qd3  1/2-1/2

[Event "Norwegian Open 2013"]
[Site "Fagernes NOR"]
[Date "2013.03.24"]
[Round "3"]
[White "Solli,O"]
[Black "Salomon,J"]
[Result "0-1"]
[WhiteElo "1864"]
[BlackElo "2115"]

1.Nf3 d5 2.c4 d4 3.g3 g6 4.Bg2 Bg7 5.O-O e5 6.d3 Ne7 7.Nbd2 O-O 8.b4 Nd7
9.Bb2 Re8 10.Qc2 Nf5 11.c5 Nf6 12.Nb3 Bd7 13.Na5 Rb8 14.a3 c6 15.Nc4 Qc7
16.e4 Nh6 17.Qa4 b6 18.cxb6 axb6 19.Qc2 Re7 20.Bc1 Rc8 21.Bg5 Kh8 22.Rfb1 Nhg8
23.a4 b5 24.Nb2 Qd6 25.a5 Qxb4 26.Bd2 Qd6 27.Nd1 Ree8 28.Ng5 Rf8 29.Qb3 Qe7
30.f4 h6 31.Nf3 exf4 32.Bxf4 Nh5 33.Bc1 c5 34.Ba3 b4 35.Bc1 Be6 36.Qa4 f5
37.Nd2 f4  0-1

[Event "36th San Sebastian Open"]
[Site "Donostia ESP"]
[Date "2013.03.25"]
[Round "4.15"]
[White "Aranaz Murillo,A"]
[Black "Picazo Gonzalez,Al"]
[Result "1-0"]
[WhiteElo "2275"]
[BlackElo "1993"]

1.Nf3 d5 2.c4 e6 3.g3 Nf6 4.Bg2 Be7 5.O-O O-O 6.d4 dxc4 7.Qc2 a6 8.Qxc4 b5
9.Qc2 Bb7 10.Bf4 Nd5 11.Nc3 Nxf4 12.gxf4 Qc8 13.Ne4 Nd7 14.Rac1 Bd6 15.Nfg5 g6
16.Nxd6 cxd6 17.Qxc8  1-0